Elektronické podnikanie, prieskum a analýza v slovenských podnikoch
Prieskum podmienok aplikácie elektronického podnikania v podnikoch na Slovensku. Prieskum realizovaný v roku 2006 v 246 podnikoch. Návrhy a odporúčania vyplývajúce z prieskumu.
Salvato in:
| Autore principale: | |
|---|---|
| Natura: | Capitolo di libro |
| Lingua: | slovacco |
| Soggetti: | |
| Tags: |
Nessun Tag, puoi essere il primo ad aggiungerne!!
|
MARC
| LEADER | 00000nla$a2200000$$$4500 | ||
|---|---|---|---|
| 001 | 0060344 | ||
| 005 | 20240502071651.6 | ||
| 041 | 0 | |a slo | |
| 044 | |a SK | ||
| 245 | 1 | 0 | |a Elektronické podnikanie, prieskum a analýza v slovenských podnikoch |c Mária Szivósová |
| 520 | |a Prieskum podmienok aplikácie elektronického podnikania v podnikoch na Slovensku. Prieskum realizovaný v roku 2006 v 246 podnikoch. Návrhy a odporúčania vyplývajúce z prieskumu. | ||
| 610 | 2 | 0 | |a podnikanie elektronické |
| 610 | 2 | 0 | |a pošta elektronická |
| 610 | 2 | 0 | |a komunikácia elektronická |
| 610 | 2 | 0 | |a marketing |
| 610 | 2 | 0 | |a riadenie vzťahov so zákazníkmi |
| 610 | 2 | 0 | |a spolupráca podnikov |
| 610 | 2 | 0 | |a riadenie podnikové |
| 100 | 1 | |a Szivósová, Mária, 1958- | |